[Event "IMSA Blitz Women 2019"]
[Site "Hengshui"]
[Date "2019.05.18"]
[Round "8.2"]
[White "Krush, Irina"]
[Black "Lei, Tingjie"]
[Result "1/2-1/2"]
[WhiteElo "2422"]
[BlackElo "2507"]
[Annotator "TA"]
[PlyCount "204"]
[EventDate "2019.05.17"]
[EventType "blitz"]
[EventCountry "CHN"]
[SourceTitle "playchess.com"]
[Source "ChessBase"]
[SourceQuality "1"]

{[%evp 21,204,44,51,26,38,14,54,49,68,24,26,0,35,14,28,33,58,56,94,56,58,47,54,51,94,81,102,97,107,102,135,7,7,8,400,218,395,400,380,385,385,379,481,497,624,596,544,412,401,396,440,361,506,454,426,410,410,411,537,457,593,593,739,784,5089,5081,5089,5073,2069,704,1299,501,460,460,603,601,600,588,589,589,606,588,572,572,763,762,652,470,443,427,404,0,551,545,525,463,463,0,452,439,435,419,389,172,172,165,165,165,165,158,463,244,241,227,203,141,271,252,321,0,256,20,304,303,277,215,284,281,265,215,215,210,214,214,231,163,177,170,300,301,384,238,217,204,245,243,582,407,417,397,399,210,379,0,267,242,236,0,31,0,397,397,405,391,400,302,351,322,310,37,337,0,312,306,318,303,387,379,222,20,20,20,20,0,0]} 1. d4 Nf6 2. c4 g6 3. Nc3 d5 4. cxd5 Nxd5 5. e4 Nxc3 6. bxc3 Bg7 7. Bc4 c5 8. Ne2 Nc6 9. Be3 O-O 10. O-O Bg4 11. f3 Bd7 12. Rc1 {D87: Exchange Grünfeld: Classical Line: Variations without ...cxd4} (12. Rb1 Qc7 13. h4 cxd4 14. cxd4 Nxd4 15. Bxf7+ Rxf7 16. Nxd4 Rd8 17. Qb3 Qg3 18. Ne2 Qxh4 19. Bf2 Qf6 20. Rfd1 b6 {½-½ (119) Karjakin,S (2773)-Vachier Lagrave,M (2779) Saint Louis 2018}) 12... Qc7 13. dxc5 b6 $146 ({Predecessor:} 13... Rfd8 14. Qc2 Ne5 15. Bb3 Bb5 16. c4 Be8 17. Nc3 Nd3 18. Nd5 Qd7 19. Qxd3 e6 {1-0 (38) Simunic,K (1866)-Smetisko,M (1891) Djurdjevac 2016}) 14. cxb6 {White is slightly better.} axb6 15. Nd4 Na5 16. Bd5 (16. Bb3 $5) 16... Rac8 (16... Nc4 $5 {[%cal Rc4e3]} 17. Bf2 Ra4 $14) 17. Qe2 e6 18. Bb3 $1 Be5 19. f4 $36 {[%mdl 2048] White is pushing.} Bg7 20. f5 exf5 21. exf5 Nxb3 22. axb3 Be5 23. h3 Rce8 24. Qf3 Bc8 25. Bh6 Bb7 26. Qg4 (26. Qf2 $16) 26... Bh2+ $11 27. Kh1 Bd6 $2 {[%mdl 8192]} (27... Re4 $11 28. Qf3 Rh4) 28. Bxf8 (28. Nb5 $142 Qc6 29. Nxd6 Qxd6 30. Rcd1) 28... Rxf8 $2 (28... Bxf8 29. fxg6 hxg6) 29. Nb5 Qc5 30. Nxd6 Qxd6 31. Rcd1 Qc6 32. c4 b5 33. fxg6 hxg6 34. Rf2 bxc4 35. bxc4 Ba8 36. Rdf1 Kg7 (36... Qe4 $142 37. Kh2 Kg7) 37. Qd4+ Kg8 38. Qf4 Qe6 39. Kh2 Bb7 40. Rb1 Qc6 41. Rd1 Qe6 42. Rd6 Qe8 43. Qf6 Qe4 44. c5 Bd5 45. Qf4 (45. Rd2 $142 Re8 46. R2xd5) 45... Rc8 46. Qxe4 (46. Qg5 $142) 46... Bxe4 $18 {[%mdl 4096] Endgame KRR-KRB} 47. Re2 f5 48. Rxg6+ Kf7 49. Rb6 Rxc5 50. Rd2 Bd5 51. Ra6 Rb5 52. Rd6 Be6 53. Re2 Bc4 54. Rd7+ Kf6 55. Red2 Be6 56. R7d6 $2 (56. R7d4 $18) 56... Ke5 $2 {[%mdl 8192]} (56... Kf7 $1 $11 57. Kg3 Re5) 57. Ra6 Bd5 58. Rc2 Be4 59. Rd2 $2 ({White should play} 59. Rca2 $18) 59... Rc5 $2 {[%mdl 8192]} (59... Bd5 $1 $11 60. h4 Bb7) 60. Rda2 Kf4 61. g3+ Kg5 {Black hopes to continue with ...Rc1.} 62. Ra7 (62. Kg1 $142) 62... Rc1 {[%csl Ge4][%cal Rc1h1]} 63. Ra1 Rc2+ 64. Kg1 {Threatens to win with R1a2.} Rg2+ 65. Kf1 Rh2 $2 (65... Rxg3 $16 66. Rg7+ Kh4 67. Rxg3 Kxg3) 66. Rg7+ (66. R1a6 $142) 66... Kf6 67. Raa7 Rxh3 68. Kf2 Rh1 (68... Rh2+ $16 {is a better defense.} 69. Ke3 Rb2) 69. Rgf7+ Kg5 70. Rg7+ Kf6 71. Rh7 $2 ({Better is} 71. Rgd7 $18) 71... Rb1 $2 {[%mdl 8192]} (71... Rxh7 $11 72. Rxh7 f4) 72. Ra6+ $1 Ke5 73. Re7+ $1 Kd5 74. Ra5+ Kd4 {intending ...Rb2+.} 75. Ra4+ Kd5 76. Ra2 Kd6 77. Re8 $1 Kd7 78. Re5 Kd6 79. Rea5 $1 Rh1 (79... Rb3 {keeps fighting.} 80. R2a3 Rb8) 80. Ke3 Rf1 81. Rd2+ Ke6 82. Rf2 Re1+ 83. Kf4 Rb1 $2 (83... Bd3 {is more resistant.} 84. Ra3 Rd1) 84. Ra6+ Kd5 85. Rd2+ Kc4 86. Kg5 (86. Ra3 $142) 86... Rg1 $2 (86... Rb3 87. Kh4 Rb7) 87. Kf4 $2 ({White must play} 87. Ra3 $1 $18) 87... Rf1+ $2 {[%mdl 8192]} (87... Rb1 $1 $11 {and Black has nothing to worry.} 88. Ra4+ Kb3) 88. Ke5 Re1 89. Kf4 $2 (89. Ra3 $18) 89... Rf1+ $14 90. Kg5 $2 {[%mdl 8192]} (90. Ke3 $14) 90... Rg1 $18 {[#]} 91. Ra3 $1 Kb4 92. Re3 Kc4 93. Rf2 Kd4 94. Ra3 Ke5 95. Ra5+ $2 (95. Rd2 $18) 95... Kd4 $2 {[%mdl 8192]} (95... Ke6 $1 $14) 96. Ra3 Ke5 $1 97. Rb2 Kd4 98. Rb5 Bd3 {[#]} 99. Rb4+ $1 Ke3 100. Rbb3 $2 (100. Rxd3+ $18 Kxd3 101. Kxf5) 100... Rxg3+ $11 {The position is equal.} 101. Kf6 Kd2 102. Rxd3+ Rxd3 {Accuracy: White = 51%, Black = 29%.} 1/2-1/2

[Event "IMSA Blitz Women 2019"]
[Site "Hengshui"]
[Date "2019.05.18"]
[Round "9.1"]
[White "Koneru, Humpy"]
[Black "Abdumalik, Zhansaya"]
[Result "0-1"]
[WhiteElo "2553"]
[BlackElo "2464"]
[Annotator "TA"]
[PlyCount "41"]
[EventDate "2019.05.17"]
[EventType "blitz"]
[EventCountry "CHN"]
[SourceTitle "playchess.com"]
[Source "ChessBase"]
[SourceQuality "1"]

{[%evp 20,41,53,29,44,43,47,27,19,21,15,-40,41,48,73,29,94,-24,0,0,0,-246,-252,-256]} 1. Nf3 Nf6 2. c4 d6 3. d4 g6 4. g3 Bg7 5. Bg2 O-O 6. O-O Nbd7 7. Qc2 e5 8. Rd1 Qe7 9. Nc3 c6 10. e4 exd4 11. Nxd4 a5 {E68: King's Indian: Fianchetto: 6...Nbd7 7 0-0 e5 8 e4} 12. b3 Re8 (12... Nc5 13. Bf4 Rd8 14. Re1 Ng4 15. Nf3 Ne5 16. Be3 Ned3 17. Re2 Bg4 18. Bg5 f6 19. Bd2 {½-½ (69) Deac,B (2566)-Wei,Y (2739) Medias 2017}) 13. Bb2 Nc5 {[%cal Rf6e4] White has an edge.} 14. Re1 h5 15. h3 (15. Rad1 $11) 15... Qc7 ({Black should try} 15... h4 $1 $15) 16. Rad1 $14 Bd7 17. f4 $146 ({Predecessor:} 17. Bc1 Rad8 18. Bf4 Bc8 19. Nf3 Ne6 20. Be3 Nd7 21. a3 Ne5 22. Na4 Qe7 23. Nh2 {1-0 (63) Lim,Z (2155)-Suharto,M Kuala Lumpur 2011}) 17... Re7 {[#]} (17... Qc8 $11 {keeps the balance.}) 18. f5 ({Better is} 18. Ba3 $1 $16) 18... Rae8 19. fxg6 fxg6 20. e5 $2 (20. Bc1 $1 $11) 20... dxe5 $19 21. Ndb5 {Accuracy: White = 39%, Black = 45%.} 0-1

[Event "IMSA Blitz Women 2019"]
[Site "Hengshui"]
[Date "2019.05.18"]
[Round "9.1"]
[White "Tan, Zhongyi"]
[Black "Harika, Dronavalli"]
[Result "0-1"]
[WhiteElo "2513"]
[BlackElo "2492"]
[Annotator "TA"]
[PlyCount "100"]
[EventDate "2019.05.17"]
[EventType "blitz"]
[EventCountry "CHN"]
[SourceTitle "playchess.com"]
[Source "ChessBase"]
[SourceQuality "1"]

{[%evp 21,152,21,33,10,16,6,41,19,32,32,61,53,80,84,101,89,109,102,121,107,93,103,104,102,104,85,198,200,189,0,0,-127,-139,-410,-208,-214,-216,-198,-194,-253,-258,-261,-82,-85,-90,-89,-99,-83,-77,-128,-133,-126,-119,-243,-145,-382,-171,-876,-258,-264,-264,-340,-55,-45,0,-206,-58,-125,-108,-107,0,-84,-51,-572,-572,-2377,-711,-810,-440,-410,-378,-504,350,-282,-280,-260,-267,-320,-314,-331,-292,-335,-375,-375,-358,-660,-557,-680,-241,-260,-257,-240,-249,-229,-234,-726,-718,-1167,-1149,-3114,-1262,-1747,-1667,-2267,-406,-1999,-1920,-1918,-1688,-2059,-1191,-1912,-1872,-5732,-5732,-5206,-4831,-4818,-4762,-29981,-29982,-29984,-29985]} 1. c4 d6 2. d4 g6 3. Nc3 Bg7 4. g3 Nf6 5. Bg2 O-O 6. Nf3 Nbd7 7. O-O e5 8. h3 Re8 9. e4 exd4 10. Nxd4 Nc5 11. Re1 Bd7 12. Bg5 {E68: King's Indian: Fianchetto: 6...Nbd7 7 0-0 e5 8 e4} (12. Rb1 h6 13. b4 Ne6 14. Nxe6 Bxe6 15. Nd5 a5 16. a3 axb4 17. axb4 Nxd5 18. cxd5 Bd7 19. Bb2 Bxb2 20. Rxb2 Qf6 {½-½ (30) Howell,D (2693)-Ganguly,S (2633) Astana 2019}) 12... h6 13. Bf4 {[#]} h5 $146 ({Predecessor:} 13... a6 14. b4 Ne6 15. Be3 Ng5 16. f3 Nxh3+ 17. Kh2 Ng5 18. Rc1 Ne6 19. Nb3 h5 {½-½ (38) Rivera,I (2190)-Comas Fabrego,L (2512) La Massana 2014}) 14. Bg5 {White is slightly better.} Qc8 15. Kh2 Nh7 16. Be3 c6 17. Qc2 Ne6 18. Rad1 h4 19. g4 ({Of course not} 19. gxh4 $6 Be5+ 20. Kg1 Nxd4 $11) 19... Be5+ 20. Kg1 Nf4 21. Bxf4 Bxf4 22. Nde2 Bh6 23. Rxd6 Bxg4 (23... Qc7 $16 24. Red1 Be6) 24. hxg4 $18 Qxg4 {next ...h3 is good for Black.} 25. f3 $2 (25. Rd3 $1 $18) 25... Qh5 $1 $11 {[%cal Rh5c5]} 26. Kf2 (26. Rd3 $11 {remains equal.} h3 27. Bf1) 26... h3 $17 {[%mdl 1024] Black has strong compensation.} 27. Bh1 $2 {[%mdl 8192]} (27. Rd3 $17) 27... Qc5+ (27... Qe5 $142 28. f4 Qxd6) 28. Rd4 $19 Bg7 {[%mdl 64] Pin} ({Not} 28... Qg5 29. Qd3 $14) 29. Red1 Rad8 $1 {[%mdl 64] Pin} ({Don't do} 29... Bxd4+ 30. Rxd4 Nf8 31. Kf1 $17) 30. Qd3 (30. b4 {might work better.} Bxd4+ 31. Rxd4 Qxb4 32. Qd2) 30... Bxd4+ 31. Nxd4 Qh5 $2 (31... Qe5 $19 {is more deadly. aiming for ...Ng5.} 32. Ke1 c5) 32. Qe3 $17 Qh4+ 33. Kf1 Nf6 $36 {[%mdl 2048] Black is on the roll.} 34. Nde2 Nh5 35. b3 (35. f4 $142) 35... Ng3+ 36. Nxg3 Qxg3 37. Qf2 (37. Ke2 $17) 37... Qf4 ({Black should try} 37... Qe5 $19 38. Qc2 Qf4 {[%mdl 64] Remove Defender}) 38. Qe2 $2 (38. Re1 $17) 38... Qe5 (38... Rxd1+ $142 39. Nxd1 Rd8) 39. Qe3 $2 (39. Qc2) 39... Rxd1+ $2 (39... Qh2 40. Qg1 Qc2) 40. Nxd1 $19 Rd8 $1 {[%cal Rd8d1]} 41. Nf2 Qg3 $2 (41... Qa1+ $19 42. Qe1 Qxa2 43. Nxh3 Qxb3) 42. e5 Re8 43. Nd3 $2 (43. Ne4 $11 {and White is okay.} Rxe5 44. Qh6 Rxe4 45. fxe4) 43... h2 (43... Qh2 $19 44. Nf2 Rxe5) 44. Qf2 (44. Qxa7 $15 Rd8 45. Ke2) 44... Qh3+ $17 45. Ke2 Qh5 (45... Rd8 $17 46. Qe3 Qf5) 46. Qg3 (46. Qxa7 $11 Kg7 47. Qe3) 46... Rd8 47. Ke3 $2 {[%mdl 8192]} (47. Nf2 $15) 47... Qf5 $1 $19 {[%cal Rf5d3]} 48. Nf2 Qb1 (48... Qc2 $142 49. Kf4 Rd4+ 50. Ne4 Qc1+ 51. Kg4 Qxh1) 49. Kf4 Qc1+ 50. Kg4 Qe1 {Played: Qc1-g1} 0-1

[Event "IMSA Blitz Women 2019"]
[Site "Hengshui"]
[Date "2019.05.18"]
[Round "9.1"]
[White "Gunina, Valentina"]
[Black "Lei, Tingjie"]
[Result "0-1"]
[WhiteElo "2506"]
[BlackElo "2507"]
[Annotator "RC"]
[PlyCount "66"]
[EventDate "2019.05.17"]
[EventType "blitz"]
[EventCountry "CHN"]
[SourceTitle "playchess.com"]
[Source "ChessBase"]
[SourceQuality "1"]
[TimeControl "180+2"]

1. e4 {[%emt 0:00:00]} e5 {[%emt 0:00:00]} 2. Nf3 {[%emt 0:00:01]} Nf6 {[%emt 0:00:00]} 3. Nxe5 {[%emt 0:00:02]} d6 {[%emt 0:00:01]} 4. Nf3 {[%emt 0:00:01]} Nxe4 {[%emt 0:00:02]} 5. Bd3 {[%emt 0:00:04]} Nf6 {[%emt 0:00:01]} 6. O-O {[%emt 0:00:02]} Be7 {[%emt 0:00:01]} 7. c3 {[%emt 0:00:01]} O-O {[%emt 0:00:03]} 8. Bc2 {[%emt 0:00:01]} b6 {[%emt 0:00:08]} 9. d4 {[%emt 0:00:02]} Bb7 {[%emt 0:00:01]} 10. Re1 {[%emt 0:00:01]} Nbd7 {[%emt 0:00:01]} 11. Bg5 {[%emt 0:00:06]} Re8 {[%emt 0:00:02]} 12. Nbd2 {[%emt 0:00:02]} Nd5 {[%emt 0:00:11]} 13. Bxe7 {[%emt 0:00:02]} Rxe7 {[%emt 0:00:00]} 14. Ne4 {[%emt 0:00:05]} Nf4 {[%emt 0:00:16]} 15. Qd2 {[%emt 0:00:02]} Ng6 {[%emt 0:00:02]} 16. h4 {[%emt 0:00:04]} h6 {[%emt 0:00:01]} 17. h5 {[%emt 0:00:02]} Ngf8 {[%emt 0:00:01]} 18. Nh4 {[%emt 0:00:16]} Rxe4 {[%emt 0:00:41]} 19. Bxe4 {[%emt 0:00:04]} d5 {[%emt 0:00:01]} 20. Bxd5 {[%emt 0:00:22]} Bxd5 {[%emt 0:00:03]} 21. Nf5 {[%emt 0:00:01]} Ne6 {[%emt 0:00:02]} 22. Rac1 {[%emt 0:00:52]} Qf6 {[%emt 0:00:05]} 23. Ne3 {[%emt 0:00:07]} Qg5 {[%emt 0:00:07]} 24. Qe2 {[%emt 0:00:47]} Nf4 {[%emt 0:00:13]} 25. Qf1 {[%emt 0:00:18]} Be4 {[%emt 0:00:01]} 26. Rcd1 {[%emt 0:00:14]} Nf6 {[%emt 0:00:01]} 27. f3 {[%emt 0:00:04]} Bb7 {[%emt 0:00:01]} 28. Rd2 {[%emt 0:00:05]} N6xh5 {[%emt 0:00:02]} 29. Kh2 {[%emt 0:00:04]} Qh4+ {[%emt 0:00:08]} 30. Kg1 {[%emt 0:00:01]} Ng3 {[%emt 0:00:01]} 31. Qb5 {[%emt 0:00:01]} Ne4 {[%emt 0:00:38]} 32. Rdd1 {[%emt 0:00:05]} Nh3+ {[%emt 0:00:04]} 33. Kh2 {[%emt 0:00:02]} Nhf2+ {[%emt 0:00:02]} 0-1

[Event "IMSA Blitz Women 2019"]
[Site "Hengshui"]
[Date "2019.05.18"]
[Round "9.1"]
[White "Zhao, Xue"]
[Black "Ushenina, Anna"]
[Result "0-1"]
[WhiteElo "2485"]
[BlackElo "2442"]
[Annotator "TA"]
[PlyCount "82"]
[EventDate "2019.05.17"]
[EventType "blitz"]
[EventCountry "CHN"]
[SourceTitle "playchess.com"]
[Source "ChessBase"]
[SourceQuality "1"]

{[%evp 9,82,-31,-35,-32,-17,-28,-12,-4,0,0,1,-2,8,0,15,-130,-135,-175,-172,-160,-164,-172,-179,-178,-178,-229,-229,-227,-212,-331,-316,-306,-250,-280,-298,-262,-272,-348,-267,-318,-274,-327,-329,-309,-264,-356,-363,-373,-287,-398,-298,-373,-339,-395,-395,-397,-175,-167,-158,-250,-239,-485,-477,-467,-445,-609,-609,-1075,-1061,-29994,-29995,-29995,-29990,-29996,-29991]} 1. Nf3 d5 2. c4 dxc4 3. Qa4+ Nc6 4. Qxc4 e5 5. g3 (5. d3 h6 6. g3 Be6 7. Qa4 Qd7 8. Be3 Nf6 9. Nc3 Nd5 10. Nxd5 Bxd5 11. Bg2 Bb4+ 12. Kf1 {1-0 (35) Artemiev,V (2691)-Vallejo Pons,F (2707) Riadh 2017}) 5... Be6 6. Qa4 {A09: Réti Opening: 1 Nf3 d5 2 c4} Qd7 7. Bg2 Nf6 8. Nc3 {The position is equal.} h6 $146 ({Predecessor:} 8... Be7 9. O-O Nd5 10. d3 Nb6 11. Qc2 h6 12. a3 {1-0 (48) Kivipelto,K (2219)-Holsteijn,G (1994) Velden 2009}) 9. O-O Be7 10. b4 {[%cal Bb2b4,Bb4b5][%mdl 32]} e4 $36 {[%mdl 2048] Black is more active.} 11. b5 Nb4 12. Nxe4 (12. Ne5 $11 {keeps the balance.} Qd4 13. a3) 12... Nxe4 $17 13. a3 {[#]} Nc5 $1 {[%cal Rc5a4]} 14. Qxb4 Nb3 {[%mdl 64] Discovered Attack} 15. Qc3 Bf6 {[%mdl 64] Skewer} ({Inferior is} 15... Nxa1 16. Qxg7 O-O-O 17. Qxa1 $11) 16. Ne5 Qxb5 ({Not} 16... Nxa1 17. Bxb7 Qd6 18. Bb2 $11) 17. d4 (17. Bb2 $142) 17... Nxa1 18. Qxa1 O-O 19. e3 (19. Re1 $142) 19... Bxe5 $19 20. dxe5 Bd5 21. e4 Bc4 22. Re1 Rad8 23. Bb2 Be6 24. Bc3 b6 25. a4 Qb3 26. Rb1 Qa2 27. Qxa2 Bxa2 28. Ra1 Bc4 29. f4 a5 30. Be1 Bd3 31. Kf2 Rd4 32. Ke3 c5 (32... Rfd8 $142 33. Rd1 c5) 33. Bc3 Rdd8 34. f5 (34. Bf3 $17 {keeps fighting.}) 34... Bc4 35. Kf4 $2 {[#]} (35. Kf2) 35... Rd3 36. Be1 Rfd8 {Strongly threatening ...g5+.} 37. Bf3 g5+ 38. fxg6 fxg6 39. Be2 Rf8+ {Black mates.} 40. Kg4 Be6+ 41. Kh4 Re3 {Accuracy: White = 32%, Black = 77%.} 0-1

[Event "IMSA Blitz Women 2019"]
[Site "Hengshui"]
[Date "2019.05.18"]
[Round "9.1"]
[White "Khotenashvili, Bela"]
[Black "Krush, Irina"]
[Result "0-1"]
[WhiteElo "2476"]
[BlackElo "2422"]
[Annotator "TA"]
[PlyCount "90"]
[EventDate "2019.05.17"]
[EventType "blitz"]
[EventCountry "CHN"]
[SourceTitle "playchess.com"]
[Source "ChessBase"]
[SourceQuality "1"]

{[%evp 19,90,-6,-6,-29,-11,-22,0,1,0,4,19,0,9,10,0,0,25,-40,49,-16,0,0,0,-23,-19,-38,-10,-58,-43,-76,-73,-80,-56,-62,-34,-78,-46,-52,-45,-42,-52,-12,-14,-198,-134,-140,-142,-124,-38,-45,-19,-168,-152,-116,-167,-183,-18,-22,-25,-88,-44,-222,-126,-172,-171,-158,-147,-409,-347,-420,-418,-420,-418]} 1. Nf3 c5 2. g3 Nc6 3. Bg2 g6 4. O-O Bg7 5. c4 e6 6. Nc3 Nge7 7. d3 O-O 8. Rb1 d5 9. a3 a5 10. Bd2 b6 11. Qc1 {A37: Symmetrical English vs ...g6: 4 Bg2 Bg7 5 Nf3} Ba6 12. b3 $146 ({Predecessor:} 12. Nb5 Bxb5 13. cxb5 Ne5 14. Bc3 Nxf3+ 15. Bxf3 a4 16. Bxg7 Kxg7 17. e4 Qd7 18. Qc3+ d4 {0-1 (45) Anton,T (2437)-Lupulescu,C (2612) Baile Olanesti 2013}) 12... Rc8 13. Bh6 {The position is equal.} Bxh6 14. Qxh6 {Ng5 would kill now.} Nf5 15. Qf4 d4 16. Ne4 {Threatens to win with g4.} f6 17. Qd2 e5 18. e3 (18. Ne1 $11) 18... Nfe7 (18... Bb7 $15) 19. Qc2 ({Better is} 19. exd4 $14 exd4 20. Bh3) 19... Qd7 20. exd4 exd4 21. Rfe1 Kg7 22. h4 Rce8 23. Kh2 Bb7 24. Bh3 Qc7 25. Re2 Ng8 26. Rbe1 Re7 27. h5 Rfe8 28. hxg6 hxg6 29. Kg1 Nh6 30. Qd2 $1 Nf7 31. Qd1 $2 (31. Nh4 $11) 31... Nce5 (31... g5 $1 $19 32. Bg2 Bc8) 32. Nxe5 $17 Nxe5 33. Bg2 Nf7 (33... Bc8 $1 $17 {[%cal Rc8g4] ...Bg4 is the strong threat.} 34. f3 Nf7) 34. Nd2 $15 Bxg2 35. Kxg2 (35. Rxe7 $11 {and White has nothing to worry.} Rxe7 36. Rxe7 Qxe7 37. Kxg2) 35... Qb7+ ({Don't take} 35... Rxe2 36. Rxe2 Rh8 37. Qe1 $17) 36. f3 Ne5 37. Ne4 {[#]} Qc7 $2 (37... Qc6 $1 $19 38. b4 axb4 39. axb4 cxb4) 38. Qd2 Nf7 39. Qd1 (39. Nf2 $11) 39... f5 $36 {[%mdl 2048] Black is pushing.} 40. Nd2 $2 {[#]} ({White has to play} 40. Nf2 $15) 40... Re3 ({Black should play} 40... Ne5 $1 $19 41. Nf1 g5) 41. Rxe3 dxe3 ({Not} 41... Rxe3 42. Rxe3 dxe3 43. Nf1 $11) 42. Nf1 f4 {And now ...Ng5 would win.} 43. Qe2 $2 {[%mdl 8192]} (43. Qa1+ $17 Kf8 44. Qf6 {[%mdl 64] Double Attack}) 43... g5 44. Qb2+ Qe5 45. Qxe5+ Nxe5 {Accuracy: White = 29%, Black = 44%.} 0-1

[Event "IMSA Blitz Women 2019"]
[Site "Hengshui"]
[Date "2019.05.18"]
[Round "9.1"]
[White "Paehtz, Elisabeth"]
[Black "Kosteniuk, Alexandra"]
[Result "0-1"]
[WhiteElo "2470"]
[BlackElo "2546"]
[Annotator "ChessBase"]
[PlyCount "21"]
[EventDate "2019.05.17"]
[EventType "blitz"]
[EventCountry "CHN"]
[SourceTitle "playchess.com"]
[Source "ChessBase"]
[SourceQuality "1"]
[TimeControl "180+2"]

1. d4 {[%emt 0:00:00]} Nf6 {[%emt 0:00:00]} 2. Nf3 {[%emt 0:00:00]} d5 {[%emt 0:00:00]} 3. Bf4 {[%emt 0:00:01]} c5 {[%emt 0:00:01]} 4. e3 {[%emt 0:00:01]} Nc6 {[%emt 0:00:04]} 5. Nbd2 {[%emt 0:00:01]} Bg4 {[%emt 0:00:06]} 6. c3 {[%emt 0:00:03]} e6 {[%emt 0:00:02]} 7. Qa4 {[%emt 0:00:04]} Nd7 {[%emt 0:00:18]} 8. Bb5 {[%emt 0:00:04]} Qb6 {[%emt 0:00:04]} 9. O-O {[%emt 0:00:17]} a6 {[%emt 0:00:16]} 10. Bxc6 {[%emt 0:00:02]} Qxc6 {[%emt 0:00:02]} 11. h3 {[%emt 0:00:12]} 0-1

[Event "IMSA Blitz Women 2019"]
[Site "Hengshui"]
[Date "2019.05.18"]
[Round "9.1"]
[White "Stefanova, Antoaneta"]
[Black "Muzychuk, Mariya"]
[Result "1-0"]
[WhiteElo "2470"]
[BlackElo "2563"]
[Annotator "TA"]
[PlyCount "69"]
[EventDate "2019.05.17"]
[EventType "blitz"]
[EventCountry "CHN"]
[SourceTitle "playchess.com"]
[Source "ChessBase"]
[SourceQuality "1"]

{[%evp 9,69,21,34,35,20,33,23,31,39,8,8,8,22,6,10,10,90,64,210,212,213,132,149,138,149,123,123,150,137,0,0,0,0,11,178,0,0,-116,-134,-220,-217,-196,-27,-67,0,0,-21,-16,75,77,620,618,637,629,612,605,881,894,1214,1113,12850,1093]} 1. d4 Nf6 2. Nc3 d5 3. Bf4 Bf5 $146 ({Predecessor:} 3... c6 4. f3 Bf5 5. g4 Bg6 6. h4 h5 7. g5 Nfd7 8. e3 {0-1 (34) Prevost,M (1891)-Fedorov,A (2617) playchess.com INT 2006}) 4. e3 c6 5. f3 e6 6. g4 {D00: 1 d4 d5: Unusual lines} Bg6 7. h4 {h5 is the strong threat.} h5 8. g5 {White has an edge.} Nfd7 9. Bd3 Bxd3 10. Qxd3 g6 11. Nge2 Bg7 12. O-O-O $36 {[%mdl 2048] White is more active.} c5 (12... O-O $11) 13. Nb5 c4 ({Black should play} 13... O-O $14) 14. Qa3 $18 Bf8 15. Bd6 {Strongly threatening Bxf8.} Qb6 16. Nec3 a6 17. Bxf8 Rxf8 18. Nd6+ Kd8 {Black wants to play ...Kc7.} 19. e4 (19. Na4 $1 $16 {[%cal Ra4b6]} Qc6 20. e4) 19... Kc7 $11 20. Nxf7 Rxf7 21. exd5 {aiming for Rhe1.} Rf5 $2 ({Don't go for} 21... Rxf3 $2 22. Rhe1 $18) (21... Qd6 $1 $11 22. dxe6 Qxe6) 22. dxe6 $2 (22. Rhe1 $1 $18 {[%cal Re1e6]} exd5 23. Re5 $1 {[%mdl 512]}) 22... Qxe6 {White should prevent ...Qd6.} 23. d5 (23. Rhe1 $11 Qd6 24. Qxd6+ Kxd6 25. Re8) 23... Qd6 $17 24. Nb5+ (24. Qxd6+ $17 Kxd6 25. Ne4+ Kc7 26. Rhf1) 24... axb5 $19 25. Qxa8 Rxd5 $2 (25... Nb6 $19 26. Qa5 b4) 26. Qa5+ Kc6 27. Rxd5 $1 Qxd5 28. Qc3 Ne5 (28... Na6 $11) 29. Rd1 $16 {[%mdl 1024] White has strong compensation.} Qe6 $2 {[%mdl 8192] [#]} (29... Qc5 $16) 30. Re1 $1 $18 {White is clearly winning.} Nbd7 31. f4 b4 32. Qxb4 Qf5 33. fxe5 Nxe5 34. Qe7 Nd7 35. Qe6+ {Accuracy: White = 48%, Black = 31%.} (35. Re6+ $142 Kc7 36. Qd6+ Kd8 37. Rf6 Qxf6 38. gxf6) 1-0

[Event "IMSA Blitz Women 2019"]
[Site "Hengshui"]
[Date "2019.05.18"]
[Round "9.1"]
[White "Bodnaruk, Anastasia"]
[Black "Dzagnidze, Nana"]
[Result "1-0"]
[WhiteElo "2431"]
[BlackElo "2510"]
[Annotator "TA"]
[PlyCount "51"]
[EventDate "2019.05.17"]
[EventType "blitz"]
[EventCountry "CHN"]
[SourceTitle "playchess.com"]
[Source "ChessBase"]
[SourceQuality "1"]

{[%evp 15,51,29,26,0,11,12,10,12,47,15,12,12,6,0,11,7,7,0,7,20,60,-14,9,11,16,22,129,106,178,78,926,960,1835,1795,1552,1459,29997,29998]} 1. e4 e6 2. d4 d5 3. Nc3 {[%cal Bb1c3,Bc3b5,Bb5d4][%mdl 32]} Bb4 4. e5 c5 5. a3 Ba5 6. b4 cxd4 7. Nb5 Bc7 8. f4 Bd7 9. Nxd4 {C18: French: 3 Nc3 Bb4: Main line: 7 h4 and 7 Qg4} Ba4 10. Ngf3 Ne7 11. Bd3 {The position is equal.} Nbc6 12. Be3 Bb6 13. Qe2 Nxd4 14. Nxd4 {[#]} O-O $146 ({Predecessor:} 14... Nc6 15. c3 Nxd4 16. cxd4 Rc8 17. O-O g6 {1-0 (59) Naiditsch,A (2665)-Berelowitsch,A (2557) Mainz 2008}) 15. O-O Rc8 16. Kh1 a6 17. Rf3 g6 18. g4 ({White should play} 18. Rh3 $14) 18... Nc6 19. c3 $1 Nxd4 20. cxd4 Rc3 (20... Rc4 $11 {remains equal.}) 21. f5 $16 Qc8 (21... Qh4 $16 {is a better defense.}) 22. fxe6 (22. Bh6 $18 {and White stays clearly on top.} Bxd4 23. Raf1 exf5 24. Bxf8 Kxf8 25. gxf5) 22... fxe6 $2 {[%mdl 8192]} (22... Rxd3 $16 23. Raf1 {[#]} (23. Qxd3 Bc2 $11) 23... Bd1 $1 {[%mdl 512]} 24. Qxd3 Bxf3+ 25. Rxf3 fxe6) 23. Raf1 $18 {Threatens to win with Bh6.} Rxf3 24. Qxf3 {Bh6 would kill now.} Qe8 25. Bh6 {White wants to mate with Qf8+.} Rc8 {[#]} 26. Qf6 $1 {[%mdl 512] Accuracy: White = 39%, Black = 24%.} 1-0